|
|
|
|
| LEADER |
00754naa a2200193 i 4500 |
| 001 |
publ6503 |
| 005 |
20221129001326.0 |
| 008 |
160318s2011 hu o 0|| zxx d |
| 020 |
|
|
|a 978-963-306-084-1
|
| 024 |
7 |
|
|a 2045251
|2 mtmt
|
| 040 |
|
|
|a SZTE Publicatio Repozitórium
|b hun
|
| 041 |
|
|
|a zxx
|
| 100 |
2 |
|
|a Tóthné Jancsó Katalin
|
| 245 |
1 |
0 |
|a Indiánkérdés a független Latin-Amerikában
|h [elektronikus dokumentum] /
|c Tóthné Jancsó Katalin
|
| 260 |
|
|
|a Szegedi Tudományegyetem, Bölcsészettudományi Kar
|b Szeged
|c 2011
|
| 300 |
|
|
|a 159
|
| 300 |
|
|
|a 31-42
|
| 490 |
0 |
|
|a Latin-Amerika: A függetlenség útjai : bicentenario, 1810-2010
|
| 856 |
4 |
0 |
|u http://publicatio.bibl.u-szeged.hu/6503/1/IndiankerdesafugetlenLatin_Amerikaban_u.pdf
|z Dokumentum-elérés
|